[Event "Israel Open Ch"]
[Site "Tel Aviv ISR"]
[Date "2001.04.13"]
[Round "5"]
[White "Acs,P"]
[Black "Donchenko,A"]
[Result "1-0"]
[WhiteElo "2509"]
[BlackElo "2436"]

1.e4 c5 2.Nf3 d6 3.d4 cxd4 4.Nxd4 Nf6 5.Nc3 a6 6.Be3 Ng4 7.Bg5 h6 8.Bh4 g5
9.Bg3 Bg7 10.Be2 h5 11.Nf5 Bxf5 12.exf5 Qa5 13.O-O Bxc3 14.bxc3 f6 15.Rb1 Nc6
16.Rxb7 Rd8 17.Qd3 h4 18.Qc4 Nge5 19.Bxe5 Nxe5 20.Qe6 Nd7 21.Bc4  1-0

[Event "Israel Open Ch"]
[Site "Tel Aviv ISR"]
[Date "2001.04.13"]
[Round "5"]
[White "Van den Doel,E"]
[Black "Sutovsky,E"]
[Result "1-0"]
[WhiteElo "2574"]
[BlackElo "2604"]

1.e4 c5 2.Nf3 d6 3.d4 cxd4 4.Nxd4 Nf6 5.Nc3 a6 6.Be3 e5 7.Nb3 Be6 8.f3 Be7
9.Qd2 Nbd7 10.g4 O-O 11.O-O-O Qc7 12.Kb1 b5 13.Nd5 Bxd5 14.exd5 Nb6 15.Bxb6 Qxb6
16.g5 Nh5 17.Na5 Nf4 18.h4 Rac8 19.Nc6 Nxd5 20.Qxd5 Qxc6 21.Qb3 Kh8 22.Rh2 Rc7
23.Rhd2 f6 24.g6 hxg6 25.Rg2 f5 26.Rxg6 Rfc8 27.Rd2 Qe8 28.h5 Bf6 29.Rdg2 Kh7
30.Qe3 e4 31.f4 Qf7 32.h6 Qd5 33.hxg7 Qd1+ 34.Qc1 Qxc1+ 35.Kxc1 Bxg7 36.Rxd6 Bh6
37.Rh2 Kg8 38.Rdxh6  1-0

[Event "Israel Open Ch"]
[Site "Tel Aviv ISR"]
[Date "2001.04.13"]
[Round "5"]
[White "Tratatovici,M"]
[Black "Kaspi,A"]
[Result "1-0"]
[WhiteElo "2355"]
[BlackElo "2491"]

1.e4 c5 2.Nf3 d6 3.d4 cxd4 4.Nxd4 Nf6 5.Nc3 a6 6.Be3 e5 7.Nb3 Be6 8.Qd2 Be7
9.f4 exf4 10.Bxf4 Nc6 11.O-O-O Ne5 12.Nd4 Qc7 13.Nf5 Bxf5 14.exf5 h6 15.Kb1 Rc8
16.Bd3 O-O 17.g4 Rfd8 18.g5 hxg5 19.Bxg5 Nf3 20.Qg2 Nxg5 21.Rhg1 d5 22.Qxg5 Ne8
23.f6 Bxf6 24.Qh5 Bxc3 25.Qh7+ Kf8 26.Qh8+ Ke7 27.bxc3 Qb6+ 28.Ka1 Qf6 29.Rgf1 Qxc3+
30.Kb1 Nd6 31.Qh3 Ne4 32.Qh4+ g5 33.Qh7 Qb4+ 34.Ka1 Qd4+ 35.Kb1 Qb4+ 36.Ka1 Qd4+
37.Kb1 Nc3+ 38.Kc1 Nxa2+ 39.Kb1 Nc3+ 40.Kc1 Qe3+ 41.Rd2 Rf8 42.Bg6 Kd6 43.Bf5 Rce8  1-0

[Event "ch-CUB"]
[Site "Las Tunas CUB"]
[Date "2001.04.14"]
[Round "12"]
[White "Gonzalez,Y"]
[Black "Leyva,R"]
[Result "1-0"]
[WhiteElo "2426"]
[BlackElo "2400"]

1.e4 c5 2.Nf3 d6 3.d4 cxd4 4.Nxd4 Nf6 5.Nc3 a6 6.Be3 e6 7.f3 Nc6 8.Qd2 Be7
9.O-O-O O-O 10.g4 Nd7 11.h4 Nde5 12.Qg2 b5 13.Kb1 Nxd4 14.Bxd4 Nc6 15.Be3 b4
16.Na4 Rb8 17.Qf2 d5 18.exd5 exd5 19.Bf4 Qa5 20.Bxb8 Nxb8 21.b3 Nd7 22.Qa7 Bd6
23.g5 Bb8 24.Qa8 Qc7 25.Qxd5 Ne5 26.Nc5 Ba7 27.Nxa6 Qc3 28.Nxb4 Nxf3 29.Nc6 Be6
30.Ne7+ Kh8 31.Qd8  1-0

[Event "Solett Open"]
[Site "Skelleftea SWE"]
[Date "2001.04.14"]
[Round "7"]
[White "Berg,E"]
[Black "Sax,G"]
[Result "1-0"]
[WhiteElo "2474"]
[BlackElo "2563"]

1.e4 c5 2.Nf3 d6 3.d4 cxd4 4.Nxd4 Nf6 5.Nc3 a6 6.Be3 e6 7.f4 b5 8.Qf3 Bb7
9.Bd3 Qc7 10.g4 Nc6 11.O-O-O Nd7 12.Kb1 Nc5 13.h4 Nb4 14.h5 Nbxd3 15.cxd3 b4
16.Nce2 Qd7 17.g5 a5 18.Nc1 Rc8 19.f5 e5 20.Ndb3 a4 21.Na5 b3 22.a3 d5 23.Qg3 Qc7
24.Nxb7 Nxb7 25.Ne2 Bxa3 26.Rc1 Bc5 27.Bxc5 Nxc5 28.h6 a3 29.hxg7 Rg8 30.d4 exd4
31.Qxc7 Rxc7 32.Nxd4 axb2 33.Rc3 Rxg7 34.Nb5 Rc6 35.exd5 Ra6 36.Nc7+ Kd7
37.Nxa6 Nxa6 38.Rg3 Nc5 39.f6 Rg8 40.Rxh7 Ne4 41.Rxf7+ Kd6 42.Rg7 Ra8 43.Rxb3  1-0

[Event "Israel Open Ch"]
[Site "Tel Aviv ISR"]
[Date "2001.04.15"]
[Round "7"]
[White "Van den Doel,E"]
[Black "Huzman,A"]
[Result "1/2-1/2"]
[WhiteElo "2574"]
[BlackElo "2578"]

1.e4 c5 2.Nf3 d6 3.d4 cxd4 4.Nxd4 Nf6 5.Nc3 a6 6.Be3 Ng4 7.Bc1 Nf6 8.Be3 Ng4
9.Bg5 h6 10.Bh4 g5 11.Bg3 Bg7 12.h3 Nf6 13.Qf3 Qb6 14.O-O-O Nc6 15.Nxc6 Qxc6
16.Be2 Nd7 17.Nd5 Ne5 18.Qb3 Be6 19.h4 Rc8 20.hxg5  1/2-1/2

[Event "Open"]
[Site "Dubai UAE"]
[Date "2001.04.17"]
[Round "3"]
[White "Ramesh,R"]
[Black "Shabash,A"]
[Result "1-0"]
[WhiteElo "2458"]
[BlackElo "2240"]

1.e4 c5 2.Nf3 d6 3.d4 cxd4 4.Nxd4 Nf6 5.Nc3 a6 6.Be3 Qc7 7.f3 e5 8.Nb3 Be6
9.Qd2 Be7 10.g4 h6 11.Nd5 Nxd5 12.exd5 Bh4+ 13.Kd1 Bc8 14.c4 Nd7 15.Rc1 b6
16.Kc2 a5 17.Kb1 a4 18.Na1 Nc5 19.Nc2 Bd7 20.Rg1 f5 21.f4 fxg4 22.fxe5 dxe5
23.d6 Qa7 24.Bg2 Rb8 25.Rgf1 Bf6 26.Bd5 Ne6 27.Qd3 Nf8 28.Qe4 Be6 29.Nb4 Rc8
30.Bd4 Kd7 31.Bxe5 Rc5 32.Bxf6 gxf6 33.Rxf6  1-0

[Event "Open"]
[Site "Dubai UAE"]
[Date "2001.04.18"]
[Round "4"]
[White "Mamedov,Ro"]
[Black "Odeev,H"]
[Result "1/2-1/2"]
[WhiteElo "2313"]
[BlackElo "2471"]

1.e4 c5 2.Nf3 d6 3.d4 cxd4 4.Nxd4 Nf6 5.Nc3 a6 6.Be3 e6 7.f3 b5 8.Qd2 Bb7
9.g4 Nfd7 10.O-O-O Nb6 11.Bd3 N8d7 12.g5 Rc8 13.Kb1 Ne5 14.f4 Nbc4 15.Qe1 Nxd3
16.cxd3 Nxe3 17.Qxe3 Qb6 18.f5 Be7 19.h4 e5 20.Nc2 Bd8 21.f6 gxf6 22.gxf6 Qxe3
23.Nxe3 Bxf6 24.Ncd5 Bd8 25.b4 Bc6 26.Rdf1 Bd7 27.Rhg1 h6 28.h5 Be6 29.Nf5 Bxf5
30.Rxf5 Bg5 31.Kb2 Rc6 32.a4 bxa4 33.Ra1 Rg8 34.Rf2 a3+ 35.Kxa3 Bd8 36.Rf3 Rg2
37.Kb3 Rh2 38.Rg3 Rxh5 39.b5 axb5 40.Ra7 Bg5 41.Ra8+ Kd7 42.Ra7+ Ke8 43.Ra8+ Kd7  1/2-1/2

[Event "GM"]
[Site "Hampstead ENG"]
[Date "2001.04.18"]
[Round "2"]
[White "Rizouk,A"]
[Black "Hunt,A"]
[Result "1/2-1/2"]
[WhiteElo "2406"]
[BlackElo "2431"]

1.e4 c5 2.Nf3 d6 3.d4 cxd4 4.Nxd4 Nf6 5.Nc3 a6 6.Be3 e5 7.Nb3 Be6 8.f3 Nbd7
9.g4 Nb6 10.g5 Nfd7 11.Qd2 Rc8 12.h4 Nc4 13.Bxc4 Bxc4 14.O-O-O b5 15.Kb1 Be7
16.Nd5 Bxd5 17.exd5 Nb6 18.Bxb6 Qxb6 19.Na5 h6 20.Nc6 hxg5 21.hxg5 Rxh1 22.Rxh1 Rxc6
23.dxc6 Qxc6 24.Rh8+ Kd7 25.Qg2 Qd5 26.Qg4+ Qe6 27.Qg1 Qf5 28.Qa7+ Ke6 29.Qxa6 Qxg5
30.a4 bxa4 31.Qxa4 Qe3 32.Qa8 Qe2 33.Rc8 f5 34.Rc7 e4 35.fxe4 fxe4 36.Ka2 Bf6
37.Qc6 Qe1 38.c3 Qe2 39.Qe8+  1/2-1/2

[Event "zt3.3 Women"]
[Site "HeiBei CHN"]
[Date "2001.04.18"]
[Round "3"]
[White "Wang Yu"]
[Black "Zhao Xue"]
[Result "1-0"]
[WhiteElo "2413"]
[BlackElo "2428"]

1.e4 c5 2.Nf3 d6 3.d4 cxd4 4.Nxd4 Nf6 5.Nc3 a6 6.Be3 e5 7.Nb3 Be6 8.f3 Be7
9.Qd2 h5 10.Be2 Nbd7 11.Nd5 Nxd5 12.exd5 Bf5 13.Na5 Qc7 14.c4 Bh4+ 15.g3 Bf6
16.Rc1 b6 17.Nc6 a5 18.O-O Bh3 19.Rfe1 g6 20.b3 Bg7 21.a3 O-O 22.b4 axb4
23.axb4 Ra3 24.Ra1 Rfa8 25.Qb2 R3a4 26.Rxa4 Rxa4 27.Ra1 e4 28.Bd4 Rxa1+ 29.Qxa1 Bxd4+
30.Qxd4 exf3 31.Bxf3 Qb7 32.Qh4 Bg4 33.Bxg4 hxg4 34.Qxg4 b5 35.cxb5 Qb6+
36.Kf1 Nf6 37.Qc4 Qe3 38.Qe2 Nxd5 39.Qxe3 Nxe3+ 40.Ke2 Nd5 41.Kd3 Kf8 42.Kd4 Nb6
43.Na5 Ke7 44.Nc4  1-0

[Event "GM"]
[Site "Hampstead ENG"]
[Date "2001.04.20"]
[Round "6"]
[White "Rizouk,A"]
[Black "Palliser,R"]
[Result "1/2-1/2"]
[WhiteElo "2406"]
[BlackElo "2342"]

1.e4 c5 2.Nf3 d6 3.d4 cxd4 4.Nxd4 Nf6 5.Nc3 a6 6.Be3 e5 7.Nb3 Be6 8.f3 Nbd7
9.Qd2 b5 10.a4 b4 11.Nd5 Bxd5 12.exd5 Nb6 13.Bxb6 Qxb6 14.a5 Qb7 15.Bc4 Be7
16.Ra4 Rb8 17.Qd3 Ra8 18.Qd2 Rb8 19.Nc1 O-O 20.Na2 Nd7 21.b3 Bd8 22.Kd1 Bf6
23.Rxb4 Qa7 24.Rxb8 Rxb8 25.Re1 Qc5 26.Nc1 Qa3 27.Nd3 Nc5 28.Nxc5 Qxc5 29.Ke2 h6
30.Rb1 Bg5 31.Qc3 Rb4 32.g3  1/2-1/2

[Event "zt3.3 Women"]
[Site "HeiBei CHN"]
[Date "2001.04.20"]
[Round "5"]
[White "Gu Xiaobing"]
[Black "Zhao Xue"]
[Result "0-1"]
[WhiteElo "2242"]
[BlackElo "2428"]

1.e4 c5 2.Nf3 d6 3.d4 cxd4 4.Nxd4 Nf6 5.Nc3 a6 6.Be3 e5 7.Nb3 Be6 8.f3 Be7
9.Qd2 h5 10.Nd5 Nxd5 11.exd5 Bf5 12.Bd3 Bxd3 13.Qxd3 Bh4+ 14.g3 Bg5 15.O-O-O Nd7
16.f4 Bh6 17.Kb1 a5 18.Qe2 a4 19.Nd2 O-O 20.Nc4 exf4 21.Bxf4 Bxf4 22.gxf4 b5
23.Nxd6 a3 24.Nxb5 axb2 25.c4 Qa5 26.Qxb2 Nb6 27.Rhg1 f6 28.Qd2 Qa4 29.Qc2 Qb4+
30.Qb3 Qc5 31.Rc1 Ra4 32.a3 Rxc4 33.d6 Kh8 34.Rgd1 Rc8 35.Rxc4 Nxc4 36.Ka2 Qf2+
37.Ka1 Qxf4 38.d7 Rd8 39.Qb4 Qe5+ 40.Nc3 Ne3 41.Rd2 Rxd7 42.Qf8+ Kh7 43.Rxd7 Qxc3+
44.Ka2 Qc4+ 45.Ka1 Qf1+ 46.Ka2 Qe2+ 47.Ka1 Nc2+ 48.Kb2 Nd4+ 49.Kc3 Qc2+ 50.Kxd4 Qd2+
51.Kc5 Qxd7 52.Qd6 Qf5+ 53.Kb4 Qe4+ 54.Kc3 f5 55.Qd3 Qe5+ 56.Kb4 Qb2+ 57.Kc5 g6
58.h3 f4 59.Kd5 f3 60.Ke4 Qe2+ 61.Qe3 g5 62.a4 g4 63.Kf4 Qh2+ 64.Kg5 Qe2
65.Kf4 Kg6 66.hxg4 hxg4 67.a5 Qc4+ 68.Kg3 Kf5 69.Kh4 Qf4 70.Qc5+ Qe5 71.Qc2+ Kf4
72.Qc1+ Ke4 73.Qe1+ Kd5 74.Qd2+ Qd4 75.Qxd4+ Kxd4 76.a6 f2 77.a7 f1=Q 78.a8=Q Qh3+
79.Kg5 g3 80.Qa7+ Ke4 81.Qb7+ Ke3 82.Qb6+ Kf3 83.Qc6+ Kf2 84.Qc5+ Kg2 85.Qd5+ Kh2
86.Qe5 Qh7 87.Kg4 Qd7+ 88.Kh4 Qd3 89.Kg4 Qd1+ 90.Kh4 Qf3 91.Qb8 Qe4+ 92.Kh5 Kh3
93.Qc8+ Kg2 94.Kg5 Kf2 95.Qf8+ Qf3 96.Qb4 Qe3+ 97.Kh4 g2 98.Qb2+ Kf1 99.Qb1+  0-1

[Event "4th Open"]
[Site "Tanta City EGY"]
[Date "2001.04.20"]
[Round "3"]
[White "Dochev,D"]
[Black "Kalod,R"]
[Result "1/2-1/2"]
[WhiteElo "2362"]
[BlackElo "2495"]

1.e4 c5 2.Nf3 d6 3.d4 cxd4 4.Nxd4 Nf6 5.Nc3 a6 6.Be3 e6 7.f3 b5 8.g4 Bb7
9.Qd2 Nfd7 10.O-O-O Nb6 11.Bg5 Qc8 12.h3 N8d7 13.Nb3 Rb8 14.Na5 Ba8 15.Qf4  1/2-1/2

[Event "GMB"]
[Site "Dos Hermanas ESP"]
[Date "2001.04.22"]
[Round "4"]
[White "Korneev,O"]
[Black "Teran Alvarez,I"]
[Result "1-0"]
[WhiteElo "2572"]
[BlackElo "2382"]

1.e4 c5 2.Nf3 d6 3.d4 cxd4 4.Nxd4 Nf6 5.Nc3 a6 6.Be3 e6 7.f3 b5 8.Qd2 Nbd7
9.O-O-O Nb6 10.Qf2 Nfd7 11.Bd3 Bb7 12.f4 Rc8 13.f5 e5 14.Ne6 fxe6 15.fxe6 Nf6
16.Bxb6 Qe7 17.Qf5 Rc6 18.Ba5 Bc8 19.Nd5 Qxe6 20.Nc7+ Rxc7 21.Qxe6+ Bxe6
22.Bxc7 Be7 23.Kb1 Kd7 24.Bb6 Rc8 25.Rhe1 Kc6 26.Be3 Bd8 27.Bg5 Ng4 28.Bxd8 Rxd8
29.h3 Nf6 30.c3 Nh5 31.Bc2 Nf4 32.Bb3 Bxb3 33.axb3 Nxg2 34.Rg1 Nf4 35.Rxg7 Nxh3
36.Rh1 Nf2 37.Rh4 a5 38.Kc2 Rf8 39.Rgxh7 Rf3 40.Ra7 Kb6 41.Ra8 Re3 42.Kd2 Rg3
43.Ke2 Nd3 44.Rh6 Nf4+ 45.Kd1 Rg1+ 46.Kc2 Rg2+ 47.Kb1 Rg1+ 48.Ka2 Rd1 49.Rhh8 Nd3
50.Rhb8+  1-0

[Event "Tch-NED"]
[Site "NED"]
[Date "2001.04.22"]
[Round "9"]
[White "De Vreugt,D"]
[Black "Van Blitterswijk,S"]
[Result "1-0"]
[WhiteElo "2452"]
[BlackElo "2333"]

1.e4 c5 2.Nf3 d6 3.d4 cxd4 4.Nxd4 Nf6 5.Nc3 a6 6.Be3 e5 7.Nb3 Be6 8.f3 Nbd7
9.g4 Nb6 10.g5 Nfd7 11.Qd2 Qc7 12.O-O-O Nc5 13.f4 g6 14.Qf2 exf4 15.Bd4 Rg8
16.Qxf4 O-O-O 17.Bf6 Nxb3+ 18.axb3 Be7 19.h4 Bxf6 20.gxf6 d5 21.e5 d4 22.Rxd4 Rxd4
23.Qxd4 Rd8 24.Qe3 Nd7 25.Bg2 Qxe5 26.Qf3 Qc7 27.Re1 Nb6 28.Re5 Rd7 29.Qe3 Kb8
30.Bf3 Qd6 31.Kb1 Rc7 32.Rg5 Nd7 33.Ne4 Qh2 34.Rg2 Qxh4 35.Ng5 Nxf6 36.Nxe6 fxe6
37.Qxe6 Nd7 38.Rd2 Nc5 39.Qe5 Qe7 40.Qg3 a5 41.Re2 Qd7 42.Re5 Ka7 43.Rd5 Qe7
44.Re5 Qd6 45.Qe1 Qb6 46.Re8 Na6 47.Be4 Qb4 48.Qh4 Qd2 49.Qh1 Qf2 50.Qd1 Nb4
51.c3 Rd7 52.Qc1 Nd5 53.Bxd5 Rxd5 54.Re7 Rd7 55.Re5 b6 56.Ka2 Rd2 57.Re7+ Ka6
58.Rxh7 Rc2 59.Qb1 Qd2 60.Re7 a4 61.Qf1+  1-0

[Event "Tch-NED"]
[Site "NED"]
[Date "2001.04.22"]
[Round "9"]
[White "Hommeles,T"]
[Black "Vink,N"]
[Result "1-0"]
[WhiteElo "2422"]
[BlackElo "2335"]

1.e4 c5 2.d4 cxd4 3.Nf3 d6 4.Nxd4 Nf6 5.Nc3 a6 6.Be3 e5 7.Nb3 Be6 8.Be2 Nbd7
9.g4 h6 10.h4 Rc8 11.Bf3 Nb6 12.Bxb6 Qxb6 13.Qe2 a5 14.O-O-O Bc4 15.Qd2 Qa7
16.g5 Nd7 17.Kb1 b5 18.Be2 a4 19.Nc1 Qa6 20.Nd3 Qa5 21.a3 d5 22.Bg4 Bd6 23.exd5 Kd8
24.Rhe1 f6 25.gxf6 gxf6 26.Ne4 Qxd2 27.Rxd2 Bb8 28.Bxd7 Kxd7 29.Nxf6+ Ke7
30.Ng4 Rhe8 31.Ndxe5 Bxe5 32.d6+ Kd7 33.Nxe5+ Rxe5 34.Rxe5 Rg8 35.Re7+ Kc6
36.Rc7+ Kb6 37.Rxc4 bxc4 38.d7 Rd8 39.Kc1 Kc5 40.Kd1 h5 41.Ke2 c3 42.bxc3 Kc4
43.Rd3  1-0

[Event "4th Open"]
[Site "Tanta City EGY"]
[Date "2001.04.23"]
[Round "5"]
[White "Dutreeuw,M"]
[Black "Kalod,R"]
[Result "1/2-1/2"]
[WhiteElo "2413"]
[BlackElo "2495"]

1.e4 c5 2.Nf3 d6 3.d4 cxd4 4.Nxd4 Nf6 5.Nc3 a6 6.Be3 e6 7.a4 b6 8.g4 Bb7
9.Bg2 h6 10.f4 Nbd7 11.g5 hxg5 12.fxg5 Nh5 13.g6 Qh4+ 14.Kd2 Ne5 15.gxf7+ Kxf7
16.Qf1+ Nf6 17.Nf3 Nxf3+ 18.Qxf3 b5 19.axb5 axb5 20.Rxa8 Bxa8 21.Ra1 Bc6
22.Ra6 Be8 23.h3  1/2-1/2

[Event "Astral Open"]
[Site "Bucharest ROM"]
[Date "2001.04.24"]
[Round "3"]
[White "Butunoi,A"]
[Black "Florean,A"]
[Result "0-1"]
[WhiteElo "2250"]
[BlackElo "2437"]

1.e4 c5 2.Nf3 d6 3.d4 cxd4 4.Nxd4 Nf6 5.Nc3 a6 6.Be3 e5 7.Nb3 Be6 8.Qd2 Be7
9.f3 Nbd7 10.g4 h6 11.O-O-O b5 12.h4 Nb6 13.Qf2 Nfd7 14.Nd5 Bxd5 15.exd5 Nc4
16.Bxc4 bxc4 17.Nd2 c3 18.Nb3 cxb2+ 19.Kxb2 a5 20.c4 a4 21.Nd2 Qa5 22.Rc1 O-O
23.Ne4 Rfc8 24.Ka1 Rab8 25.g5 h5 26.Qe2 a3 27.Qd3 Qb4 28.Rc2 Rb7 29.Nd2 Rcb8
30.Nb3 g6 31.Qc3 Qa4 32.Qa5 Ra8 33.Qxa4 Rxa4 34.Rd1 Bf8 35.Nd2 f6 36.gxf6 Nxf6
37.Bg5 Nd7 38.Ne4 Rc7 39.Rd3 Nc5 40.Rdc3 Nxe4 41.fxe4 Be7 42.Be3 Bxh4 43.c5 dxc5
44.d6 Rd7 45.Bxc5 Rxe4 46.Bxa3 Kf7 47.Rc7 Ke6 48.Rxd7 Kxd7 49.Rc7+ Ke6 50.Rg7 Rg4
51.Bc5 Bf6 52.d7 Bd8 53.Kb2 h4 54.Rh7 Rc4 55.Be3 g5 56.Rg7 g4  0-1

[Event "zt3.3"]
[Site "HeiBei CHN"]
[Date "2001.04.29"]
[Round "13"]
[White "Wang Zili"]
[Black "Zhang Zhong"]
[Result "0-1"]
[WhiteElo "2580"]
[BlackElo "2632"]

1.e4 c5 2.Nf3 d6 3.d4 cxd4 4.Nxd4 Nf6 5.Nc3 a6 6.Be3 e5 7.Nb3 Be6 8.Qd2 Nbd7
9.f3 h5 10.O-O-O Be7 11.Kb1 Rc8 12.Nd5 Nxd5 13.exd5 Bf5 14.Bd3 Bxd3 15.Qxd3 Bg5
16.Nd2 Bxe3 17.Qxe3 Qf6 18.h4 Qg6 19.Ne4 Nc5 20.Nf2 Qh6 21.Qg5 Rc7 22.Rh3 Qh7
23.g4 hxg4 24.Qxg4 O-O 25.h5 Ne6 26.Qe4 Nf4 27.Rh2 f5 28.Qb4 Qh6 29.a3 g5
30.Nd3 Nxd3 31.Rxd3 Rg7 32.Rdd2 e4 33.fxe4 f4 34.e5 g4 35.exd6 g3 36.Rhe2 f3
37.d7 Rxd7 38.Re6 Qxh5  0-1

[Event "Bank Pocztowy Open A"]
[Site "Bydgoszcz POL"]
[Date "2001.05.03"]
[Round "6"]
[White "Lewandowski,R"]
[Black "Sypnicki,D"]
[Result "0-1"]
[WhiteElo "2234"]
[BlackElo "2248"]

1.e4 c5 2.Nf3 d6 3.d4 cxd4 4.Nxd4 Nf6 5.Nc3 a6 6.Be3 e5 7.Nb3 Be6 8.f3 Be7
9.Qd2 Nbd7 10.g4 b5 11.g5 Nh5 12.O-O-O Nb6 13.Nd5 Bxd5 14.exd5 Rc8 15.Bxb6 Qxb6
16.h4 Nf4 17.Bd3 b4 18.Rhe1 h6 19.Re4 hxg5 20.hxg5 Bxg5 21.Kb1 a5 22.Rxf4 Bxf4
23.Qg2 Ke7 24.Qg4 a4 25.Bf5 axb3  0-1

[Event "54th ch-RUS"]
[Site "Elista RUS"]
[Date "2001.05.03"]
[Round "4"]
[White "Timofeev,Ar"]
[Black "Kobalija,M"]
[Result "0-1"]
[WhiteElo "2522"]
[BlackElo "2590"]

1.e4 c5 2.Nf3 d6 3.d4 cxd4 4.Nxd4 Nf6 5.Nc3 a6 6.Be3 e5 7.Nf3 Be7 8.Bc4 O-O
9.a4 Be6 10.Qe2 Qc7 11.Nd5 Nxd5 12.Bxd5 Bxd5 13.exd5 Nd7 14.O-O Rac8 15.c3 f5
16.Rfd1 h6 17.a5 Bf6 18.Ra4 Rce8 19.Rb4 e4 20.Nd4 Bxd4 21.Bxd4 Ne5 22.Bxe5 Rxe5
23.Kh1 Rf7 24.g4 Qxa5 25.gxf5 Rxd5 26.Rxd5 Qxd5 27.Qxe4 Qxe4+ 28.Rxe4 Rxf5
29.Kg2 Kf7 30.h4 a5 31.Rd4 Ke6 32.b4 b6 33.bxa5 bxa5 34.f3 Rc5 35.Ra4 h5
36.Kf2 Re5 37.Ra1 Rc5 38.Ra2 g6 39.Ra1 d5 40.Ra3 Kd6 41.Ke2 Ke5 42.Ra4 Rxc3
43.Rxa5 Kd4 44.Ra4+ Rc4 45.Ra2 Rb4 46.Rc2 Rb3 47.Rd2+ Kc4 48.Rc2+ Rc3 49.Ra2 d4
50.Ra4+ Kd5 51.Ra5+ Rc5 52.Ra6 Rc6 53.Ra5+ Rc5 54.Ra6 Rc2+ 55.Kd3 Rc3+ 56.Kd2 Rxf3
57.Rxg6 Ke4 58.Rh6 Rf2+ 59.Ke1 Rf5 60.Kd2 Rd5 61.Rh8 Kf3 62.Rg8 Rf5 63.Kd3 Rf4
64.Rg7 Rg4 65.Rg5 Rxh4 66.Rf5+ Kg3 67.Ra5 Kf2 68.Rf5+ Kg2 69.Rg5+ Kf3 70.Rf5+ Kg3
71.Ra5 Rh1 72.Kxd4 h4 73.Ra8 h3 74.Rg8+ Kf3 75.Rf8+ Kg4 76.Rg8+ Kf4 77.Rf8+ Kg5
78.Rf2 Kg4 79.Ke3 h2 80.Re2 Kg3  0-1

[Event "XXXVI Capablanca Mem Premier I"]
[Site "Havana CUB"]
[Date "2001.05.07"]
[Round "3"]
[White "Perez,Rod"]
[Black "Quezada,Y"]
[Result "1-0"]
[WhiteElo "2471"]
[BlackElo "2474"]

1.e4 c5 2.Nf3 d6 3.d4 cxd4 4.Nxd4 Nf6 5.Nc3 a6 6.Be3 e5 7.Nb3 Be6 8.f3 Nbd7
9.g4 b5 10.g5 Nh5 11.Qd2 Be7 12.O-O-O Nb6 13.Nd5 Nxd5 14.exd5 Bd7 15.Na5 Rc8
16.Kb1 O-O 17.c4 Qc7 18.Rc1 Nf4 19.h4 Rfe8 20.Bxf4 exf4 21.Nc6 Bxc6 22.cxb5 axb5
23.Rxc6 Qb7 24.Qc2 Bf8 25.Bd3 g6 26.Rc1 Ra8 27.h5 Qa7 28.a3 Bg7 29.Bxb5 Reb8
30.Ra6 Qb7 31.Rxa8 Qxa8 32.Qc4 gxh5 33.a4 Be5 34.Qc7 Kg7 35.Rc2 Rb7 36.Qc6 Qa7
37.Ka2 h4 38.Qa6 Qb8 39.Qc6 h3 40.Qc4  1-0

[Event "XXXVI Capablanca Mem Premier I"]
[Site "Havana CUB"]
[Date "2001.05.12"]
[Round "7"]
[White "Vazquez,R"]
[Black "Quezada,Y"]
[Result "1-0"]
[WhiteElo "2393"]
[BlackElo "2474"]

1.e4 c5 2.Nf3 d6 3.d4 cxd4 4.Nxd4 Nf6 5.Nc3 a6 6.Be3 e5 7.Nb3 Be6 8.f3 Nbd7
9.Qd2 b5 10.O-O-O Be7 11.Nd5 Bxd5 12.exd5 Nb6 13.Bxb6 Qxb6 14.Na5 O-O 15.Nc6 Rfe8
16.Kb1 Rac8 17.c4 bxc4 18.Bxc4 Rc7 19.Rhe1 Ra8 20.f4 e4 21.h3 a5 22.g4 Bf8
23.g5 Nd7 24.Rxe4 Nc5 25.Qd4 Rb7 26.Re2 a4 27.a3 Rc8 28.Rde1  1-0

[Event "65th ch-BUL"]
[Site "Tsarevo BUL"]
[Date "2001.05.12"]
[Round "2"]
[White "Mladenov,Sv"]
[Black "Angelov,Z"]
[Result "1/2-1/2"]
[WhiteElo "2270"]
[BlackElo "2109"]

1.e4 c5 2.Nf3 d6 3.d4 cxd4 4.Nxd4 Nf6 5.Nc3 a6 6.Be3 Ng4 7.Bg5 h6 8.Bh4 g5
9.Bg3 Bg7 10.Be2 h5 11.Nf5 Bxf5 12.exf5 Bxc3+ 13.bxc3 Qa5 14.O-O Nf6 15.Re1 Kf8
16.h3 Qc5 17.Bf3 Nc6 18.Rb1 Ra7 19.Qd2 Qxf5 20.Qe3 Nd5 21.Qd2 Nf6 22.Bxc6 bxc6
23.Rxe7 Rxe7 24.Bxd6 Qd5 25.Qxd5 Nxd5 26.c4 Kg7 27.cxd5 Re2 28.dxc6 Re6 29.Rd1 Rc8
30.c7 f6 31.c4 Rxd6 32.Rxd6 Rxc7 33.Rxa6 Rxc4 34.a4 Rc1+ 35.Kh2 h4 36.g3 hxg3+
37.fxg3 Rc2+ 38.Kg1 Rc3 39.Kf2 Rc2+ 40.Kf3 Rc3+ 41.Kg4 Kg6 42.a5 Rc4+ 43.Kf3 Rc3+
44.Kf2 Rc2+ 45.Ke1 Rc3 46.g4 Rxh3 47.Ra8 Ra3 48.a6 Kg7 49.a7 Ra2 50.Kd1 Ra6
51.Kc2 Ra3 52.Kb2 Ra4 53.Kb3 Ra6 54.Kb4 Ra1  1/2-1/2

[Event "65th ch-BUL"]
[Site "Tsarevo BUL"]
[Date "2001.05.12"]
[Round "2"]
[White "Georgiev,Ves"]
[Black "Georgiev,Kr"]
[Result "0-1"]
[WhiteElo "2258"]
[BlackElo "2510"]

1.e4 c5 2.Nf3 d6 3.d4 cxd4 4.Nxd4 Nf6 5.Nc3 a6 6.Be3 e6 7.f3 Be7 8.Qd2 b5
9.O-O-O Bb7 10.g4 Nfd7 11.g5 Nc6 12.h4 Rc8 13.Qg2 Nce5 14.Nce2 Nc4 15.Bg1 Qc7
16.Ng3 Ndb6 17.Nh5 O-O 18.Bd3 Nxb2 19.Kxb2 Qc3+ 20.Kc1 d5 21.Rf1 Qxd3 22.g6 hxg6
23.Nf4 Ba3+ 24.Kb1 Qc3 25.Nd3 dxe4 26.fxe4 Rc4 27.h5 Rb4+ 28.Nb3 Bxe4  0-1

[Event "65th ch-BUL"]
[Site "Tsarevo BUL"]
[Date "2001.05.14"]
[Round "4"]
[White "Mladenov,Sv"]
[Black "Ljangov,P"]
[Result "1-0"]
[WhiteElo "2270"]
[BlackElo "2242"]

1.e4 c5 2.Nf3 d6 3.d4 Nf6 4.Nc3 cxd4 5.Nxd4 a6 6.Be3 e6 7.Be2 Be7 8.O-O O-O
9.f4 Qc7 10.Qe1 Nbd7 11.Qg3 Rd8 12.Kh1 Kh8 13.Rae1 b5 14.e5 Ne8 15.Bd3 Nc5
16.Ne4 Nxe4 17.Bxe4 Bb7 18.Bd3 g6 19.Nf3 Ng7 20.Ng5 Kg8 21.Qh3 Bxg5 22.exd6 Qxd6
23.fxg5 Nf5 24.Bf4 Qb4 25.Be5 Qd2 26.Bf6 Rxd3 27.cxd3 h5 28.gxh6 Kh7 29.Kg1 Rc8
30.Bc3 Qg5 31.Re4 Bxe4 32.dxe4 Nd6 33.Bb4 Nxe4 34.Rxf7+ Kh8 35.Rf1 Rc1 36.Qd3 Qf4
37.Bc3+ Nxc3 38.bxc3 Rxf1+ 39.Qxf1 Qe3+ 40.Kh1  1-0

[Event "XXXVI Capablanca Mem Premier II"]
[Site "Havana CUB"]
[Date "2001.05.16"]
[Round "10"]
[White "Gonzalez,Y"]
[Black "Herrera,I"]
[Result "1-0"]
[WhiteElo "2426"]
[BlackElo "2432"]

1.e4 c5 2.Nf3 d6 3.d4 cxd4 4.Nxd4 Nf6 5.Nc3 a6 6.Be3 e6 7.f3 b5 8.Qd2 Nbd7
9.g4 Nb6 10.O-O-O Nfd7 11.Qf2 Bb7 12.Bd3 Rc8 13.Nce2 Nc5 14.Kb1 Nba4 15.h4 Qc7
16.b3 e5 17.bxa4 exd4 18.Bxd4 Nxd3 19.cxd3 Qc2+ 20.Ka1 b4 21.Nf4 Qxa4 22.Rc1 Rc6
23.Qb2 f6 24.g5 b3 25.gxf6 gxf6 26.Bxf6 Rg8 27.Qxb3 Qxb3 28.axb3 Bh6 29.Rxc6 Bxc6
30.Nh5 Bb5 31.Bg5 Bxg5 32.hxg5 Rxg5 33.Nf6+ Kf7 34.Nxh7 Rg3 35.Rh3 Rg1+ 36.Kb2 Bxd3
37.f4 Bb5 38.Ng5+ Kg6 39.Rh8 Rf1 40.Rg8+ Kf6 41.Rf8+ Ke7 42.Rf7+ Ke8 43.f5 Rf2+
44.Kc3 Rg2 45.Rg7 Rg3+ 46.Kb4 Be2 47.f6 Bh5 48.Ne6  1-0

[Event "XXXVI Capablanca Mem Premier I"]
[Site "Havana CUB"]
[Date "2001.05.16"]
[Round "10"]
[White "Perez,Rod"]
[Black "Leyva,R"]
[Result "1-0"]
[WhiteElo "2471"]
[BlackElo "2400"]

1.e4 c5 2.Nf3 d6 3.d4 cxd4 4.Nxd4 Nf6 5.Nc3 a6 6.Be3 e6 7.f3 b5 8.g4 h6 9.Qd2 Bb7
10.O-O-O Nbd7 11.h4 b4 12.Na4 Qa5 13.b3 Nc5 14.a3 Nxa4 15.axb4 Qc7 16.bxa4 e5
17.Nb3 d5 18.exd5 Bxd5 19.Nc5 Bxf3 20.Nxa6 Qc8 21.Bb5+ Bc6 22.Bb6  1-0

[Event "65th ch-BUL"]
[Site "Tsarevo BUL"]
[Date "2001.05.16"]
[Round "6"]
[White "Mladenov,Sv"]
[Black "Badev,K"]
[Result "1-0"]
[WhiteElo "2270"]
[BlackElo "2280"]

1.e4 c5 2.Nf3 d6 3.d4 cxd4 4.Nxd4 Nf6 5.Nc3 a6 6.Be3 e5 7.Nb3 Be7 8.f3 Be6
9.Qd2 Nbd7 10.g4 Nb6 11.O-O-O Nfd7 12.Kb1 Qc7 13.h4 h5 14.g5 O-O-O 15.Nd5 Bxd5
16.exd5 Kb8 17.Qb4 Rc8 18.c4 f6 19.gxf6 gxf6 20.Bd3 Rhg8 21.Rhg1 f5 22.Bxf5 Rcf8
23.Rxg8 Rxg8 24.Nd2 Nc8 25.Rg1 Rxg1+ 26.Bxg1 Bxh4 27.Ne4 Be7 28.Be3 Bd8 29.Ng5 Bxg5
30.Bxg5 Nc5 31.Qd2 Qf7 32.Qc2 a5 33.Bd8 Ne7 34.Bh3 Ng6 35.Qf5 Qxf5+ 36.Bxf5 Nf4
37.Bxa5 h4 38.Be1 h3 39.Bg3 Ncd3 40.Kc2 Ne1+ 41.Kd1 Nxf3 42.Bxf4 exf4 43.Bxh3 Ne5
44.Bf1 Ng4 45.Bd3 Kc7 46.Kd2 f3 47.b3 b6 48.Ke1 Kd8 49.Be4 f2+ 50.Kf1 Kc7
51.Bf3 Ne5 52.Be2 Nd7 53.Kxf2 Nc5 54.Ke3 Nb7 55.Kd4 Nc5 56.b4 Nd7 57.Bd3 Ne5
58.Be4 Nd7 59.Bf5 Ne5 60.a3 Nf3+ 61.Kc3 Ne5 62.Bh3 Nf3 63.Bf1 Ng5 64.Be2 Ne4+
65.Kd4 Ng5 66.a4 Nf7 67.c5 dxc5+ 68.bxc5 bxc5+ 69.Kxc5 Nd6 70.Bb5 Nb7+ 71.Kb4 Nd6
72.Bc6 Kb6 73.a5+ Ka6 74.Bd7 Ka7 75.Bb5 Ne4 76.Bd3 Nd6 77.Kc3 Nb7 78.a6 Nc5
79.Kd4 Nd7 80.Bb5 Nb6 81.Kc5 Na8 82.Kc6 Kb8 83.d6  1-0

[Event "XXXVI Capablanca Mem Premier I"]
[Site "Havana CUB"]
[Date "2001.05.17"]
[Round "11"]
[White "Quezada,Y"]
[Black "Szekely,P"]
[Result "1/2-1/2"]
[WhiteElo "2474"]
[BlackElo "2429"]

1.e4 c5 2.Nf3 d6 3.d4 cxd4 4.Nxd4 Nf6 5.Nc3 a6 6.Be3 Ng4 7.Bg5 h6 8.Bh4 g5
9.Bg3 Bg7 10.Be2 h5 11.Bxg4 Bxg4 12.f3 Be6 13.Bf2 Nc6 14.Qd2 Qa5 15.O-O Bxd4
16.Bxd4 f6 17.a3 Rc8 18.Rfd1 Nxd4 19.Qxd4 Rc4 20.Qf2 Qc5 21.Rd2 Kf7 22.Nd1 Qxf2+
23.Kxf2 Rc5 24.Ne3 h4 25.a4 Rhc8 26.Ra3 R8c6 27.a5 Rb5 28.c3 b6 29.axb6 Rcxb6
30.b4 a5  1/2-1/2